Operations research : (Record no. 3408)

MARC details
000 -LEADER
fixed length control field 00604cam a2200181 4500
001 - CONTROL NUMBER
control field 4157
005 - DATE AND TIME OF LATEST TRANSACTION
control field 20181127172735.0
008 - FIXED-LENGTH DATA ELEMENTS--GENERAL INFORMATION
fixed length control field 120830s2012 ii a 001 0 eng d
010 ## - LIBRARY OF CONGRESS CONTROL NUMBER
LC control number 2012471166
020 ## - INTERNATIONAL STANDARD BOOK NUMBER
International Standard Book Number 0198075472 (pbk.)
International Standard Book Number 9780198075479 (pbk.)
100 1# - MAIN ENTRY--PERSONAL NAME
Personal name Pai, Pradeep Prabhakar.
245 10 - TITLE STATEMENT
Title Operations research :
Remainder of title principles and practice /
Statement of responsibility, etc. Pradeep Prabhakar Pai.
260 ## - PUBLICATION, DISTRIBUTION, ETC.
Place of publication, distribution, etc. New Delhi :
Name of publisher, distributor, etc. Oxford University Press,
Date of publication, distribution, etc. c2012.
300 ## - PHYSICAL DESCRIPTION
Extent xvi, 827 p. :
Other physical details ill. ;
Dimensions 24 cm.
504 ## - BIBLIOGRAPHY, ETC. NOTE
Bibliography, etc. note Includes bibliographical references (p. [822]-823) and index.
650 #0 - SUBJECT ADDED ENTRY--TOPICAL TERM
Topical term or geographic name entry element Operations research.
Holdings
Withdrawn status Lost status Source of classification or shelving scheme Damaged status Not for loan Collection code Home library Current library Shelving location Serial Enumeration / chronology Inventory number Total Checkouts Full call number Barcode Date last seen Price effective from Koha item type
    Dewey Decimal Classification     Main TEST RTC Library RTC Library Main opac 6974   658.403 PAI 30007113 27/11/2018 27/11/2018 Main
Royal Thimphu College || All Right Reserved